LDR 00937naa#a2200205#i#450# 001 RU\\bibl\117883 005 20260701062753.3 011 ## _a2500-4026 100 ## _a20250331b2025####ek#y0rusy0150####ca 101 0# _aRUS 102 ## _aRU 200 1# _aОСОБЕННОСТИ ОБЕСПЕЧЕНИЯ ЭЛЕКТРОБЕЗОПАСНОСТИ В ПОМЕЩЕНИЯХ БАЗ ГАЗОДЫМОЗАЩИТНОЙ СЛУЖБЫ _eЖурнальная статья 210 1# _aЖелезногорск _cФГБОУ ВО Сибирская пожарно-спасательная академия ГПС МЧС России _d2025 215 ## _a7 с. 608 ## _aЖурнальная статья _2local 675 ## _aБезопасность работы установок и их расположение. 621.039.68 _zRUS 700 #1 _aЛамков _gИ М 700 #1 _aПахомов _gЕ А 700 #1 _aГоловина _gЛ А 856 4# _aapbt-sibpsa.editorum.ru _u